Cuentos latinoamericanos (Registro nro. 4901)

Detalles MARC
000 - LÍDER
campo de control de longitud fija 01397nam a2200325Ia 4500
005 - FECHA Y HORA DE LA ÚLTIMA TRANSACCIÓN
campo de control 20210727153244.0
008 - ELEMENTOS DE DATOS DE LONGITUD FIJA - INFORMACIÓN GENERAL
campo de control de longitud fija 160315s2013 ck g 000 j spa
020 ## - INTERNATIONAL STANDARD BOOK NUMBER
International Standard Book Number 9789587049190
040 ## - FUENTE DE CATALOGACIÓN
Agencia de catalogación original CO-BoRNBP
Lenguaje de catalogación spa
Descripción convenciones rda
Agencia de transcripción CO-BoRNBP
084 ## - OTRO NÚMERO DE CLASIFICACIÓN
Número de clasificación C CUE25
245 00 - TÍTULO DECLARACIÓN
Título Cuentos latinoamericanos
Resto del título antología
Declaración de responsabilidad edición y prólogo Conrado Zuluaga
250 ## - DECLARACIÓN DE EDICIÓN
Sentencia de edición 2a. edición
Resto de la declaración de la edición 7a. reimpresión
264 ## - AVISO DE PRODUCCIÓN, PUBLICACIÓN, DISTRIBUCIÓN, FABRICACIÓN Y DERECHOS DE AUTOR
Lugar de producción Bogotá
Nombre del productor Alfaguara
Fecha de producción 2013
300 ## - DESCRIPCIÓN FÍSICA
Alcance 139 páginas
Dimensiones 21 cm
336 ## - TIPO DE CONTENIDO
Tipo de contenido texto
Código de tipo de contenido txt
Fuente rdacontent
337 ## - TIPO DE MEDIO
Término del tipo de medio sin mediación
Código de tipo de medio n
Fuente rdamedia
338 ## - TIPO DE PORTADOR
Término del tipo de operador volumen
Código de tipo de operador nc
Fuente rdacarrier
490 ## - DECLARACIÓN EN SERIE
Estado de cuenta de la serie Juvenil Alfaguara
505 ## - NOTA DE CONTENIDO FORMATEADA
Nota sobre el contenido formateado Hombre de la esquina rosada / Jorge Luis Borges -- Los fujitivos / Alejo Carpentier -- La autopista del sur / Julio Cortázar -- Nos han dado la tierra / Juan Rulfo -- Recuerdo de las sierras / Adolfo Bioy Cáseres -- En este pueblo no hay ladrones / Gabriel García Márquez
650 14 - ENTRADA DE SUJETO AÑADIDO - TÉRMINO TÓPICO
Fuente del título o término LEMB
Término tópico o elemento de entrada del nombre geográfico Cuentos latinoamericanos
Subdivisión de forma Colecciones
Subdivisión cronológica Siglo XX
650 14 - ENTRADA DE SUJETO AÑADIDO - TÉRMINO TÓPICO
Fuente del título o término LEMB
Término tópico o elemento de entrada del nombre geográfico Literatura latinoamericana
Subdivisión de forma Colecciones
Subdivisión cronológica Siglo XX
700 1# - ENTRADA AGREGADA - NOMBRE PERSONAL
Nombre de la persona Borges, Jorge Luis,
Fechas asociadas a un nombre 1899-1986
700 1# - ENTRADA AGREGADA - NOMBRE PERSONAL
Nombre de la persona Carpentier, Alejo,
Fechas asociadas a un nombre 1904-1980
700 1# - ENTRADA AGREGADA - NOMBRE PERSONAL
Nombre de la persona Cortázar, Julio,
Fechas asociadas a un nombre 1914-1984
700 1# - ENTRADA AGREGADA - NOMBRE PERSONAL
Nombre de la persona Rulfo, Juan,
Fechas asociadas a un nombre 1918-1986
700 1# - ENTRADA AGREGADA - NOMBRE PERSONAL
Nombre de la persona Bioy Casares, Adolfo,
Fechas asociadas a un nombre 1914-1999
700 1# - ENTRADA AGREGADA - NOMBRE PERSONAL
Nombre de la persona García Márquez, Gabriel,
Fechas asociadas a un nombre 1927-2014
700 1# - ENTRADA AGREGADA - NOMBRE PERSONAL
Nombre de la persona Zuluaga Osorio, Conrado,
Fechas asociadas a un nombre 1947-
942 ## - ELEMENTOS DE ENTRADA AGREGADOS (KOHA)
Fuente de clasificación o esquema de estanterías
Tipo de artículo Koha Literartura
Existencias
Estado de retirada Pérdida de estatus Fuente de clasificación o esquema de estanterías Estado dañado No para préstamo Código de recogida Ubicación permanente Ubicación actual Ubicación de las estanterías Fecha de adquisición Fuente de adquisición Total de Cajas Número Topográfico Código de barras Precio efectivo desde Número de copia Fecha de la última vez que se vio Tipo de artículo Koha
    Dewey Decimal Classification     General Biblioteca Pública Municipal Isaías Naranjo Ríos Biblioteca Pública Municipal Isaías Naranjo Ríos Área General 09/10/2012 Dotación ministerio de cultura   C CUE25 API01 - 2252 30/08/2024 Ej. 1 30/08/2024 Literartura